Повышение экономичности, надежности, безопасности и автоматизации работы шахтных вентиляторных, водоотливных, компрессорных и подъемных установок; Сборник тезисов докладов первой научной сессии вузов, объединенных Западно-Сибирским советом по координации научно-исследовательской работы (19-23 февраля 1963 г.); Вып. 2

Bibliografiske detaljer
Parent link:Сборник тезисов докладов первой научной сессии вузов, объединенных Западно-Сибирским советом по координации научно-исследовательской работы (19-23 февраля 1963 г.): в 3 вып./ СССР, Министерство высшего и среднего специального образования ; гл. ред. К. В. Савицкий.— , 1963
Вып. 2.— 1963.— С. 130-131
Andre forfattere: Титов Б. М., Тырышкин М. А., Айзенштейн А. Р., Клыков Н. И., Куцепаленко В. Ф., Удут В. С., Тимофеев В. А., Ворончихин В. М., Галеев И. Г.
Sprog:russisk
Udgivet: 1963
Serier:Секция горного дела
Fag:
Format: MixedMaterials Book Chapter
KOHA link:https://koha.lib.tpu.ru/cgi-bin/koha/opac-detail.pl?biblionumber=187194

MARC

LEADER 00000naa2a2200000 4500
001 187194
005 20231031173919.0
035 |a (RuTPU)RU\TPU\book\203118 
035 |a RU\TPU\tpu\6290 
090 |a 187194 
100 |a 20101111d1963 k y0rusy50 ca 
101 0 |a rus 
102 |a RU 
200 1 |a Повышение экономичности, надежности, безопасности и автоматизации работы шахтных вентиляторных, водоотливных, компрессорных и подъемных установок  |f Б. М. Титов [и др.] 
225 1 |a Секция горного дела 
461 0 |0 (RuTPU)RU\TPU\book\168745  |t Сборник тезисов докладов первой научной сессии вузов, объединенных Западно-Сибирским советом по координации научно-исследовательской работы (19-23 февраля 1963 г.)  |o в 3 вып.  |f СССР, Министерство высшего и среднего специального образования ; гл. ред. К. В. Савицкий  |d 1963 
463 0 |0 (RuTPU)RU\TPU\book\103768  |t Вып. 2  |v С. 130-131  |d 1963  |p 163 с. 
610 1 |a горное дело 
610 1 |a труды учёных ТПУ 
701 1 |a Титов  |b Б. М. 
701 1 |a Тырышкин  |b М. А. 
701 1 |a Айзенштейн  |b А. Р. 
701 1 |a Клыков  |b Н. И. 
701 1 |a Куцепаленко  |b В. Ф. 
701 1 |a Удут  |b В. С. 
701 1 |a Тимофеев  |b В. А. 
701 1 |a Ворончихин  |b В. М. 
701 1 |a Галеев  |b И. Г. 
801 0 |a RU  |b 63413507  |c 20011210  |g PSBO 
801 2 |a RU  |b 63413507  |c 20101111  |g PSBO 
942 |c BK